ARRUPE JESUIT UNIVERSITY

CORONAVIRUS -STOP THE SPREAD - CLEAN,DISINFECT,COVER

The parables of Jesus / (Record no. 124355)

MARC details
000 -LEADER
fixed length control field 02970cam a22003974a 4500
001 - CONTROL NUMBER
control field 6930781
003 - CONTROL NUMBER IDENTIFIER
control field ARRUPE
005 - DATE AND TIME OF LATEST TRANSACTION
control field 20160330111536.0
008 - FIXED-LENGTH DATA ELEMENTS--GENERAL INFORMATION
fixed length control field 050819s2006 mnu b 001 0 eng
010 ## - LIBRARY OF CONGRESS CONTROL NUMBER
LC control number 2005024276
020 ## - INTERNATIONAL STANDARD BOOK NUMBER
International Standard Book Number 0800636996 (pbk. : alk. paper)
020 ## - INTERNATIONAL STANDARD BOOK NUMBER
International Standard Book Number 9780800636999 (pbk. : alk. paper)
024 ## - OTHER STANDARD IDENTIFIER
Standard number or code 99931584580
029 1# - (OCLC)
OCLC library identifier IG#
System control number 0800636996
029 1# - (OCLC)
OCLC library identifier YDXCP
System control number 2273644
035 ## - SYSTEM CONTROL NUMBER
System control number (OCoLC)61445788
035 ## - SYSTEM CONTROL NUMBER
System control number (OCoLC)ocm61445788\
035 ## - SYSTEM CONTROL NUMBER
System control number (NNC)6930781
040 ## - CATALOGING SOURCE
Original cataloging agency DLC
Transcribing agency DLC
Modifying agency YDX
-- BAKER
-- PLT
-- PGM
-- OCO
-- IG#
-- BTCTA
-- YDXCP
041 1# - LANGUAGE CODE
Language code of text/sound track or separate title eng
Language code of original and/or intermediate translations of text ger
042 ## - AUTHENTICATION CODE
Authentication code pcc
050 00 - LIBRARY OF CONGRESS CALL NUMBER
Classification number BT375.3
Item number .S3513 2006
082 00 - DEWEY DECIMAL CLASSIFICATION NUMBER
Classification number 226.8/06
Edition number 22
300 ## - PHYSICAL DESCRIPTION
Dimensions 23 cm.
100 1# - MAIN ENTRY--PERSONAL NAME
Personal name Schottroff, Luise.
9 (RLIN) 22877
240 10 - UNIFORM TITLE
Uniform title <a href="Gleichnisse Jesu.">Gleichnisse Jesu.</a>
Language of a work English
245 14 - TITLE STATEMENT
Title The parables of Jesus /
Statement of responsibility, etc Luise Schottroff ; translated by Linda M. Maloney.
260 ## - PUBLICATION, DISTRIBUTION, ETC. (IMPRINT)
Place of publication, distribution, etc Minneapolis :
Name of publisher, distributor, etc Fortress Press,
Date of publication, distribution, etc c2006.
300 ## - PHYSICAL DESCRIPTION
Extent viii, 288 p. ;
504 ## - BIBLIOGRAPHY, ETC. NOTE
Bibliography, etc Includes bibliographical references (p. 258-271) and indexes.
505 0# - FORMATTED CONTENTS NOTE
Formatted contents note Pt. I. Learning to see. The Pharisee and the toll collector (Luke 18:9-14) -- The vinegrowers and violence (Mark 12:1-12) -- The closed door (Matt 25:1-13) -- Politics with carrot and stick (Matt 22:1-14) -- The snubbed host (Luke 14:12-24) -- The barren fig tree (Luke 13:1-9) -- Hearing and doing the Torah (Mark 4:1-20) -- Pt. II. In search of a non-dualistic parable theory. Social-historical interpretation of the Bible in the framework of contextual theologies -- Dualism in parable theories -- Metaphor or not metaphor? That is the question -- What is a parable? -- The historical Jesus and Jesus in the Gospels -- The genre of parables discourse -- 7. Toward a synthesis of methods -- The literary context: the Gospels -- Pt. III. Jesus the parable-teller: the parables in the literary context of the Gospels. Political prophecy (Mark 4:26-32) -- Springtime and the night watchers (Mark 13:28-37) -- God is near: Jesus the parable teller in the Gospel of Mark (summary) -- Loving God: the merciful Samaritan (Luke 10:25-37) -- The great messianic feast of rejoicing, or The partying neighbor women (Luke 15:1-32) -- "Once there was a rich man": money and the Torah (Luke 16) -- "He lived the life of a slave": slave parables in the Gospel of Luke (Luke 12:35-48; 17:3-10; 19:11-27) -- Crying to God: the insistent friend and the stubborn widow (Luke 11:5-13 and 18:1-8) -- Parables in the Gospel of Luke (summary) -- God's forgiveness and the world of finance (Matt 18:21-35) -- Bread and hope (Matthew 13) -- "Am I not allowed to do what I choose with what belongs to me?" (Matt 20:1-16) -- The end of violence: Jesus's discourse in the temple (Matt 21:23-22:14) 14. The parable of the talents and God's judgment on the nations (Matt 25:14-46).
600 00 - SUBJECT ADDED ENTRY--PERSONAL NAME
Personal name Jesus Christ
General subdivision Parables.
9 (RLIN) 7772
700 ## - ADDED ENTRY--PERSONAL NAME
Personal name Maloney, L
Fuller form of name tr.
9 (RLIN) 23460
942 ## - ADDED ENTRY ELEMENTS (KOHA)
Source of classification or shelving scheme Library of Congress Classification
Koha item type Monograph ( Printed materials)
948 1# - LOCAL PROCESSING INFORMATION (OCLC); SERIES PART DESIGNATOR (RLIN)
Series part designator, SPT (RLIN) 20081201
b (OCLC) c
c (OCLC) sl13
d (OCLC) MPS
Holdings
Withdrawn status Lost status Source of classification or shelving scheme Damaged status Not for loan Collection code Home library Current library Shelving location Date acquired Total Checkouts Full call number Barcode Date last seen Price effective from Koha item type
    Library of Congress Classification     Main Collection ARRUPE LIBRARY ARRUPE LIBRARY Main Collection 15/03/2016   BT375.3 .S3513 2005 46500006672 15/03/2016 15/03/2016 Monograph ( Printed materials)

 

Arrupe Library. PO Box MP320 Mt Pleasant, Harare, Zimbabwe
263 242 745411|librarian@aju.ac.zw